|
|
|
|
| LEADER |
01017nam a2200253 a 4500 |
| 001 |
GR-MES15741 |
| 008 |
100318s mau b 001 0 eng d |
| 020 |
|
|
|a 0618741631
|q (main student text)
|
| 040 |
|
|
|a GrPaTEI
|b gre
|c GR-PaULI
|
| 040 |
|
|
|a GrPaTEI
|b gre
|c GR-PaULI
|
| 082 |
|
0 |
|a 658
|2 22
|
| 100 |
1 |
|
|a Dessler, Gary,
|d 1942-
|
| 245 |
1 |
0 |
|a Managing now /
|c Gary Dessler ; Jean Phillips.
|
| 260 |
|
|
|a Boston
|a New York :
|b Houghton Mifflin Company,
|c c2008
|
| 300 |
|
|
|a xiv, 562 σ. :
|b εικ. ;
|c 26 εκ.
|
| 504 |
|
|
|a Περιλαμβάνει βιβλιογραφικές παραπομπές (σ. 517-546) και ευρετήριο.
|
| 650 |
|
0 |
|a Leadership
|
| 650 |
|
0 |
|a Management
|
| 650 |
|
0 |
|a Organization
|
| 700 |
1 |
|
|a Phillips, Jean
|
| 942 |
|
|
|2 ddc
|
| 952 |
|
|
|0 0
|1 0
|2 ddc
|4 0
|6 658_000000000000000_DES
|7 0
|9 273439
|a MSLG
|b MSLG
|c BSC
|d 2021-01-17
|e 24
|f 0
|g 0.00
|l 0
|o 658 DES
|p 2420000024635
|r 2021-01-17 00:00:00
|t 1
|w 2021-01-17
|y BK15
|x 20100318 0 1
|x GrPaTEI
|
| 971 |
|
|
|a .b25817905
|b 15-04-20
|c 13-09-16
|
| 999 |
|
|
|c 158364
|d 158364
|